000 00486nam a22001697a 4500
005 20251108163350.0
008 250721s9999 xx 000 0 ara d
082 1 4 _a214.2/محم
100 1 _aالشرقاوي، محمود
245 1 0 _aالأنبياء في القرآن الكريم /
264 1 _aالقاهرة :
_bدار الشعب،
_c[19-].
300 _a222ص
650 1 7 _aأصول الدين الإسلامي
650 1 7 _aالنبوة
942 _2ddc
_cBK
999 _c829
_d829